| 000 | 00372nam a2200157Ia 4500 | ||
|---|---|---|---|
| 008 | 221030s9999 xx 000 0 und d | ||
| 020 | _a8178086506 | ||
| 041 | _aEnglish | ||
| 082 |
_a105.23 _bBla |
||
| 100 | _aU. Black | ||
| 245 | 0 | _aMPLS & Label Switching Networks | |
| 260 |
_bPearson Education _aDelhi _c2002 |
||
| 300 | _a314 | ||
| 650 | _aComputers | ||
| 942 | _cBK | ||
| 999 |
_c2009 _d2009 |
||